Tous les Joueurs Africains valorisés à plus de 40M€ - Statistiques

Statistiques générales
  • Ce quiz a été pris 93 fois
  • Le résultat moyen est 9 sur 12
Statistiques - réponses
Prix Club Joueur Nationalité % Correct
60M Paris Saint-Germain Achraf Hakimi Maroc
99%
100M SSC Napoli Victor Osimhen Nigeria
99%
55M Liverpool FC Mohamed Salah Egypte
98%
40M Real Madrid Brahim Díaz Maroc
88%
40M Atalanta Bergame Ademola Lookman Nigeria
81%
50M West Ham Mohammed Kudus Ghana
76%
45M Bayer Leverkusen Edmond Tapsoba Burkina-Faso
74%
40M Bayer Leverkusen Victor Boniface Nigeria
68%
45M Tottenham Hotspur Pape Matar Sarr Sénégal
64%
40M Brentford FC Bryan Mbeumo Cameroun
55%
40M Borussia Dortmund Serhou Guirassy Guinée
54%
40M Sporting CP Ousmane Diomandé Côte d'Ivoire
29%
Aucun quiz correspondant
Distribution des résultats
% des personnes avec chaque résultat
Percentile par nombre de réponses
Votre historique - résultats
Vous n’avez pas pris ce quiz